000 00502nam a2200193Ia 4500
005 20250326144911.0
008 250326s9999 xx 000 0 und d
020 _a81-7446-139-6
037 _aTextbook
040 _aFMSL
_beng
_cFMSL
041 _aeng
_2eng
084 _aX:82 N8
_qFMSL
100 _aBaxi C V
_9741052
245 0 _aBoardroom 2007
_cBaxi C V
260 _aNew Delhi
_bNew Delhi, Excel
_c1998
300 _axi,212
942 _cTB
_hX:82 N8
999 _c1305534
_d1305534